| LEADER |
00979nam0a2200217 450 |
| 001 |
16845411 |
| 010 |
|
|
|a 978-2-412-01606-0
|b cart.
|d 11,95
|
| 100 |
|
|
|a 20161115d2016 u u0frey01 ba
|
| 101 |
0 |
|
|a fre
|
| 102 |
|
|
|a FR
|
| 200 |
0 |
|
|a Crée des jeux vidéo
|e conçois tes jeux avec Scratch !
|f Derek Breen
|g adaptation française Anne Le Boterf
|
| 207 |
|
1 |
|a
|
| 210 |
|
|
|a Paris
|c First interactive
|d 2016
|
| 215 |
|
|
|a 1 vol. (121 p.)
|c illustrations en noir et en couleur
|d 22 x 16 cm
|
| 225 |
1 |
|
|a Pour les nuls
|
| 330 |
|
|
|a Un guide pour s'initier à la programmation et au codage par l'intermédiaire du jeu vidéo : les bases du programme Scratch, la création de personnages, les différentes techniques d'animation, etc. Electre 2016
|
| 700 |
|
0 |
|a Breen
|b Derek
|4 70
|
| 701 |
|
0 |
|a Le Boterf
|b Anne
|4 10
|
| 900 |
|
|
|a Documentaire jeunesse
|
| 901 |
|
|
|a Accessible au prêt
|
| 995 |
|
|
|a Bibliothèque
|c Bibliothèque
|f 00156009221458
|h 00156009221458
|k E 004 BRE
|o p
|q j
|r az
|e Bibliothèque
|